000
00321pam a2200133a 44500
008
230405s2022 xxu||||| |||| 00| 0 eng d
041
_a
ENG
100
_a
DR. S B BHISE / MRS M S BHISE
245
_a
PHARMACOLOGY -I (BHISE )
250
_a
3
260
_a
PUNE
_b
NIRALI PRAKASHAN
_c
2022
300
_a
270
906
_a
2652
999
_c
268091
_d
268091